000 00805nam a2200205Ia 4500
003 Ost
005 20260507075130.0
008 260507s9999||||xx |||||||||||||| ||und||
040 _cfsecg
041 _aara
082 _a330
100 _aطه، مصطفى كمال
_eمؤلف
245 0 _aعمليات البنوك /
_c مصطفى كمال طه
260 _aالإسكندرية:
_bدار الفكر الجامعي,
_c2005
300 _a164 صفحة؛
_bإيضاحات ؛
_c24 سم
520 _aالحسابات المصرفية- الودائع النقدية- الإعتمادات المصرفية- العمليات على الصكوك المتداولة- سرية الحسابات بالبنوك.
653 _aالبنوك
653 _aالعمليات المصرفية
942 _cكتاب
999 _c43204
_d43204